000 00831nam a2200265 4500
003 OSt
005 20240607062300.0
006 a
008 240607b |||||||| |||| 00| 0 eng d
020 _a9780137003389
040 _aDWCL-Main lib.
_cOC
082 _aCirc. 006.74 M875b 2012
100 _aMorris, Terry Felke
245 _aBasics of web design : HTML5 & CSS3 /
260 _aBoston, Massachusetts :
_bPearson Education,
_cc2012.
300 _axi,
_b352 p. : ill. ;
_c25 cm.
504 _aIncludes index.
650 _a1. XHTML (Document Markup Language).
650 _a2. HTML (Document Markup Language).
650 _a3. Cascading style sheets.
650 _a4. Website development–Computer programs.
650 _a5. Web sites–Design.
700 _aTerry Felke Morris
942 _2ddc
_n0
_cBK-CIRC
_kCirc.
999 _c359
_d359